<?xml version="1.0" encoding="UTF-8"?>
<record
    xmlns:xsi="http://www.w3.org/2001/XMLSchema-instance"
    xsi:schemaLocation="http://www.loc.gov/MARC21/slim http://www.loc.gov/standards/marcxml/schema/MARC21slim.xsd"
    xmlns="http://www.loc.gov/MARC21/slim">

  <leader>01204nam0a2200289   4500</leader>
  <controlfield tag="001">RU\NLR\ONL2\21189</controlfield>
  <controlfield tag="005">20260215050404.0</controlfield>
  <datafield tag="035" ind1=" " ind2=" ">
    <subfield code="a">(NLR Aleph) 009668773</subfield>
  </datafield>
  <datafield tag="090" ind1=" " ind2=" ">
    <subfield code="a">13551288</subfield>
    <subfield code="c">13551288</subfield>
  </datafield>
  <datafield tag="100" ind1=" " ind2=" ">
    <subfield code="a">20091007d1954    u  y0rusy50      ca</subfield>
  </datafield>
  <datafield tag="101" ind1="0" ind2=" ">
    <subfield code="a">aze</subfield>
  </datafield>
  <datafield tag="102" ind1=" " ind2=" ">
    <subfield code="a">AZ</subfield>
  </datafield>
  <datafield tag="105" ind1=" " ind2=" ">
    <subfield code="a">y |||||||||</subfield>
  </datafield>
  <datafield tag="200" ind1="1" ind2=" ">
    <subfield code="a">&#x415;&#x43B;&#x43C; &#x432;&#x4D9; &#x434;&#x438;&#x43D;</subfield>
    <subfield code="e">&#x43C;&#x443;&#x43B;&#x430;h&#x438;&#x437;&#x44D;&#x43B;&#x438; &#x433;&#x44B;&#x441;&#x430; &#x442;&#x4E9;&#x432;&#x441;&#x438;j&#x44D; &#x44D;&#x434;&#x44D;&#x431;&#x438;jj&#x430;&#x442; &#x43A;&#x4E9;&#x441;&#x442;&#x44D;&#x440;&#x438;&#x447;&#x438;&#x441;&#x438;</subfield>
    <subfield code="f">&#x41C;. &#x424;. &#x410;&#x445;&#x443;&#x43D;&#x434;&#x43E;&#x432; &#x430;&#x434;. &#x410;&#x437;&#x44D;&#x440;&#x431;. &#x420;&#x435;&#x441;&#x43F;. &#x423;&#x43C;&#x443;&#x43C;&#x438; &#x41A;&#x438;&#x442;&#x430;&#x431;&#x445;&#x430;&#x43D;&#x430;</subfield>
    <subfield code="g">&#x441;&#x43E;&#x441;&#x442;. &#x4D8;. &#x425;&#x4D9;&#x43B;&#x4D9;&#x444;&#x43E;&#x432;</subfield>
  </datafield>
  <datafield tag="210" ind1=" " ind2=" ">
    <subfield code="a">&#x411;&#x430;&#x43A;&#x44B;</subfield>
    <subfield code="c">&#x41C;. &#x424;. &#x410;&#x445;&#x443;&#x43D;&#x434;&#x43E;&#x432; &#x430;&#x434;. &#x410;&#x437;&#x44D;&#x440;&#x431;. &#x420;&#x435;&#x441;&#x43F;. &#x423;&#x43C;&#x443;&#x43C;&#x438; &#x41A;&#x438;&#x442;&#x430;&#x431;&#x445;&#x430;&#x43D;&#x430;</subfield>
    <subfield code="d">1954</subfield>
  </datafield>
  <datafield tag="215" ind1=" " ind2=" ">
    <subfield code="a">40 &#x441;.</subfield>
    <subfield code="d">20</subfield>
  </datafield>
  <datafield tag="541" ind1="1" ind2=" ">
    <subfield code="a">&#x41D;&#x430;&#x443;&#x43A;&#x430; &#x438; &#x440;&#x435;&#x43B;&#x438;&#x433;&#x438;&#x44F;</subfield>
    <subfield code="e">&#x430;&#x43D;&#x43D;&#x43E;&#x442;&#x438;&#x440;&#x43E;&#x432;&#x430;&#x43D;&#x43D;&#x44B;&#x439; &#x440;&#x435;&#x43A;&#x43E;&#x43C;&#x435;&#x43D;&#x434;&#x430;&#x442;&#x435;&#x43B;&#x44C;&#x43D;&#x44B;&#x439; &#x43B;&#x438;&#x442;&#x435;&#x440;&#x430;&#x442;&#x443;&#x440;&#x43D;&#x44B;&#x439; &#x443;&#x43A;&#x430;&#x437;&#x430;&#x442;&#x435;&#x43B;&#x44C;</subfield>
    <subfield code="z">rus</subfield>
  </datafield>
  <datafield tag="606" ind1="0" ind2=" ">
    <subfield code="9">&#x411;&#x438;&#x431;&#x43B;&#x438;&#x43E;&#x433;&#x440;&#x430;&#x444;&#x438;&#x44F;</subfield>
    <subfield code="a">&#x41D;&#x430;&#x443;&#x43A;&#x430; &#x438; &#x440;&#x435;&#x43B;&#x438;&#x433;&#x438;&#x44F;</subfield>
    <subfield code="2">nlr-sh1</subfield>
    <subfield code="2">nlr-sh2</subfield>
    <subfield code="3">RU\NLR\auth\66204187</subfield>
  </datafield>
  <datafield tag="686" ind1="1" ind2=" ">
    <subfield code="a">&#x42D;212 &#x44F;1</subfield>
  </datafield>
  <datafield tag="702" ind1=" " ind2="1">
    <subfield code="a">&#x425;&#x44D;&#x43B;&#x44D;&#x444;&#x43E;&#x432;</subfield>
    <subfield code="b">&#x42D;.</subfield>
    <subfield code="4">220</subfield>
  </datafield>
  <datafield tag="801" ind1=" " ind2="0">
    <subfield code="a">RU</subfield>
    <subfield code="b">NLR</subfield>
    <subfield code="c">20111022</subfield>
    <subfield code="g">PSBO</subfield>
  </datafield>
  <datafield tag="852" ind1=" " ind2=" ">
    <subfield code="a">NLR</subfield>
    <subfield code="b">&#x41E;&#x41D;&#x41B;</subfield>
    <subfield code="j">&#x410;&#x437;&#x435;&#x440;&#x431;./2-7547</subfield>
  </datafield>
  <datafield tag="942" ind1=" " ind2=" ">
    <subfield code="c">UNSPEC</subfield>
  </datafield>
  <datafield tag="980" ind1=" " ind2=" ">
    <subfield code="a">ONL_RF</subfield>
  </datafield>
  <datafield tag="980" ind1=" " ind2=" ">
    <subfield code="a">NB</subfield>
  </datafield>
</record>
